Statistics for Speed counting #3: Fibonacci

Click here to take the quiz!

General Stats

  • This quiz has been taken 23 times
  • The average score is 8 of 15

Answer Stats

Answer% Correct
1
100%
3
100%
2
93%
5
93%
8
87%
13
80%
21
80%
34
60%
55
47%
89
33%
144
27%
233
13%
377
13%
987
13%
610
7%

Score Distribution

Percentile by Number Answered

Percent of People with Each Score

Your Score History

You have not taken this quiz